000 00542nam a2200229Ia 4500
003 OSt
005 20221005130122.0
006 a|||||r|||| 00| 0
007 ta
008 221004b |||||||| |||| 00| 0 mal d
024 _a53240
037 _cTextual
040 _aCRL
_cCRL
_bmal
041 _2mal
_amal
082 _aD666, 32J6
100 _aAnandakkuttan
_9594427
245 0 _aRadio
260 _c1956
650 _aENGINEERING
942 _hD666, 32J6
_cTEXL
_2cc
999 _c1056158
_d1056158